[Event "Rome"]
[Site "Rome"]
[Date "1982.??.??"]
[Round "?"]
[White "Unzicker, Wolfgang"]
[Black "Kortschnoj, Viktor Lvovich"]
[Result "0-1"]
[WhiteElo "2510"]
[BlackElo "2645"]
[PlyCount "80"]
[EventDate "1982.02.??"]
[EventType "tourn"]
[EventRounds "9"]
[EventCountry "ITA"]
[EventCategory "9"]
[SourceTitle "MCD"]
[Source "ChessBase"]
[SourceDate "1999.07.01"]
[SourceVersion "1"]
[SourceVersionDate "1999.07.01"]
[SourceQuality "1"]

1. d4 Nf6 2. c4 e6 3. Nf3 b6 4. g3 Bb4+ 5. Bd2 a5 6. Bg2 Bb7 7. O-O O-O 8. Nc3
d6 9. Qc2 Nbd7 10. Rfe1 Bxc3 11. Bxc3 Be4 12. Qd1 d5 13. cxd5 Nxd5 14. Rc1 a4
15. a3 h6 16. Bf1 c5 17. Nd2 Nxc3 18. bxc3 Bc6 19. e4 Nf6 20. Bg2 Ra7 21. Nc4
b5 22. Ne5 Ba8 23. Qd2 Qe7 24. Qb2 Rb8 25. Nd3 Nd7 26. Bf1 Rc7 27. f3 Qd6 28.
Bg2 e5 29. d5 Bb7 30. Rb1 Ba6 31. Bf1 Rcb7 32. Qc2 b4 33. Qxa4 Bb5 34. Qc2 bxa3
35. Ra1 Qa6 36. Rec1 Bc4 37. Qd1 a2 38. Qc2 Qa3 39. Be2 Bxd3 40. Bxd3 c4 0-1

[Event "Rome"]
[Site "Rome"]
[Date "1982.??.??"]
[Round "?"]
[White "Zichichi, Alvise"]
[Black "Kortschnoj, Viktor Lvovich"]
[Result "0-1"]
[WhiteElo "2400"]
[BlackElo "2645"]
[PlyCount "68"]
[EventDate "1982.02.??"]
[EventType "tourn"]
[EventRounds "9"]
[EventCountry "ITA"]
[EventCategory "9"]
[SourceTitle "MCD"]
[Source "ChessBase"]
[SourceDate "1999.07.01"]
[SourceVersion "1"]
[SourceVersionDate "1999.07.01"]
[SourceQuality "1"]

1. Nf3 Nf6 2. c4 e6 3. d4 b6 4. g3 Bb4+ 5. Bd2 a5 6. Bg2 Bb7 7. O-O O-O 8. a3
Bxd2 9. Nfxd2 Bxg2 10. Kxg2 c5 11. Nf3 cxd4 12. Qxd4 Nc6 13. Qd3 Qb8 14. Nc3
Rc8 15. Rac1 a4 16. Rfd1 Ne5 17. Nxe5 Qxe5 18. e4 g5 19. f3 Rc6 20. Re1 Rac8
21. Nxa4 b5 22. Qc3 d6 23. Qxe5 dxe5 24. Nc3 Rxc4 25. Rcd1 g4 26. f4 exf4 27.
gxf4 Nh5 28. Rf1 b4 29. axb4 Rxb4 30. Rd2 Rcb8 31. Rff2 Kg7 32. f5 e5 33. h3 g3
34. f6+ Kg6 0-1

[Event "Lugano Open-07"]
[Site "Lugano"]
[Date "1982.03.??"]
[Round "?"]
[White "Kortschnoj, Viktor Lvovich"]
[Black "Spassky, Boris Vasilievich"]
[Result "1-0"]
[WhiteElo "2645"]
[BlackElo "2625"]
[PlyCount "103"]
[EventDate "1982.03.??"]
[EventType "swiss"]
[EventRounds "9"]
[EventCountry "SUI"]
[SourceTitle "MCL"]
[Source "ChessBase"]
[SourceDate "1999.07.01"]
[SourceVersion "1"]
[SourceVersionDate "1999.07.01"]
[SourceQuality "1"]

1. c4 e5 2. Nc3 d6 3. d4 exd4 4. Qxd4 Nc6 5. Qd2 g6 6. b3 Bg7 7. Bb2 Nf6 8. g3
O-O 9. Nh3 Re8 10. Nf4 Bg4 11. Bg2 Ne5 12. O-O Rb8 13. Rad1 a6 14. h3 Bd7 15.
Ncd5 Nxd5 16. Nxd5 Be6 17. Qc2 c6 18. Nf4 Qe7 19. Nxe6 fxe6 20. Rd2 Nf7 21.
Rfd1 Rbd8 22. Ba3 Qc7 23. h4 Bf8 24. Be4 Nh6 25. Bb2 Qf7 26. Qc3 e5 27. b4 Ng4
28. Bf3 Nf6 29. e4 Qe6 30. Qb3 Rd7 31. Bg2 Rc7 32. f3 Rg7 33. Kh2 g5 34. hxg5
Rxg5 35. Bh3 Rh5 36. g4 Rg5 37. Rd3 Qf7 38. Bc1 Rg7 39. g5 Nh5 40. c5 dxc5 41.
Qxf7+ Rxf7 42. Bd7 Ree7 43. bxc5 Nf4 44. Bxf4 Rxf4 45. Rb1 Rff7 46. Rxb7 Rg7
47. Rd6 Rxg5 48. Rxc6 Rh5+ 49. Kg3 Rg7+ 50. Kf2 Rh2+ 51. Ke3 Re7 52. Rxa6 1-0

[Event "Lugano Open-07"]
[Site "Lugano"]
[Date "1982.03.??"]
[Round "?"]
[White "Raicevic, Momcilo"]
[Black "Kortschnoj, Viktor Lvovich"]
[Result "0-1"]
[WhiteElo "2335"]
[BlackElo "2645"]
[PlyCount "78"]
[EventDate "1982.03.??"]
[EventType "swiss"]
[EventRounds "9"]
[EventCountry "SUI"]
[SourceTitle "MCL"]
[Source "ChessBase"]
[SourceDate "1999.07.01"]
[SourceVersion "1"]
[SourceVersionDate "1999.07.01"]
[SourceQuality "1"]

1. c4 Nf6 2. g3 e6 3. Nf3 d5 4. b3 d4 5. Bg2 c5 6. d3 Nc6 7. e3 dxe3 8. fxe3 g6
9. O-O Bg7 10. Bb2 O-O 11. Ne5 Nxe5 12. Bxe5 Ne8 13. Bxg7 Nxg7 14. Nc3 Qe7 15.
Qf3 Rb8 16. d4 b6 17. Rad1 Bb7 18. d5 exd5 19. cxd5 Qe5 20. Ne4 f5 21. Nd2 Ba6
22. Rfe1 Rbe8 23. Qf4 Rf6 24. Nf3 Qd6 25. Ng5 h6 26. Ne6 Qxf4 27. exf4 Nxe6 28.
dxe6 Bc8 29. Bc6 Re7 30. Bd7 Rf8 31. a4 Bxd7 32. exd7 Rxe1+ 33. Rxe1 Kf7 34. a5
Rd8 35. axb6 axb6 36. Ra1 Rxd7 37. Ra6 Rd6 38. Kf2 Ke6 39. Ke3 Kd7 0-1

[Event "EU-chT 08th Group4"]
[Site "Luzern "]
[Date "1982.03.28"]
[Round "1"]
[White "Kortschnoj, Viktor Lvovich"]
[Black "Gruenfeld, Yehuda"]
[Result "1-0"]
[WhiteElo "2645"]
[BlackElo "2505"]
[PlyCount "87"]
[EventDate "1982.03.28"]
[EventType "team-tourn"]
[EventRounds "6"]
[EventCountry "SUI"]
[SourceTitle "EXT 2015"]
[Source "ChessBase"]
[SourceDate "2014.11.20"]
[SourceVersion "1"]
[SourceVersionDate "2014.11.20"]
[SourceQuality "1"]
[WhiteTeam "Switzerland"]
[BlackTeam "Israel"]
[WhiteTeamCountry "SUI"]
[BlackTeamCountry "ISR"]

1. c4 c5 2. Nf3 Nc6 3. d4 cxd4 4. Nxd4 Nf6 5. Nc3 e6 6. Ndb5 Bc5 (6... Bb4) 7.
Bf4 O-O 8. Bc7 Qe7 9. Bd6 Bxd6 10. Qxd6 Qd8 11. e4 (11. e3) 11... a6 $146 (
11... b6 12. Be2 a6 {Johansson,G (2200)-De Firmian,N (2475) Lloyds Bank op
06th 1982 (8) 1/2}) 12. Nc7 Ne8 $8 13. Nxe8 Rxe8 14. Be2 Qb6 15. Rb1 Qd4 16.
Rd1 Qxd6 17. Rxd6 $14 {[%csl Rc8,Gd6]} Kf8 18. O-O Ke7 19. Rfd1 g5 $1 20. Na4
b5 $6 21. cxb5 (21. Nb6 Ra7 22. c5) 21... axb5 22. Bxb5 Ne5 23. a3 {[%csl Ga3]
[%cal Ga3a8]} Ra5 24. Nc3 Ra7 25. a4 Rc7 26. Rb6 Bb7 27. Bf1 Ba8 28. a5 $36
Rec8 29. h3 Rc6 30. Rxc6 Nxc6 31. a6 Rb8 32. Nb5 Nb4 33. a7 Rc8 34. Rd4 Nc6 35.
Rc4 (35. Ra4) 35... Bb7 36. Ra4 Ne5 37. f3 Ba8 38. Nd4 Rc1 39. Kf2 Rd1 40. Be2
Rb1 41. b4 Kd8 42. Ra5 Nc6 43. Nxc6+ dxc6 44. Rxg5 1-0

[Event "Lloyds Bank op 06th"]
[Site "London"]
[Date "1982.08.27"]
[Round "3"]
[White "Lederman, Leon S"]
[Black "Kortschnoj, Viktor Lvovich"]
[Result "0-1"]
[WhiteElo "2415"]
[BlackElo "2645"]
[PlyCount "74"]
[EventDate "1982.08.??"]
[EventType "swiss"]
[EventRounds "9"]
[EventCountry "ENG"]
[SourceTitle "EXT 2008"]
[Source "ChessBase"]
[SourceDate "2007.11.25"]
[SourceVersion "1"]
[SourceVersionDate "2007.11.25"]
[SourceQuality "1"]

1. e4 e5 2. Nf3 Nc6 3. Bb5 a6 4. Ba4 Nf6 5. O-O Nxe4 6. d4 b5 7. Bb3 d5 8. dxe5
Be6 9. Nbd2 Ng5 10. c3 d4 11. Bxe6 Nxe6 12. cxd4 Ncxd4 13. Ne4 Be7 14. a4 O-O
15. Be3 Nf5 16. Qe2 Qb8 17. Bg5 h6 18. Bxe7 Nxe7 19. Nc3 b4 20. Ne4 Rd8 21. Qc4
Qb6 22. Rfd1 Qa5 23. b3 Ng6 24. Ng3 Qc5 25. Qe4 Qc3 26. Rdc1 Qxb3 27. Rcb1 Qc3
28. Rc1 Qd3 29. Qxb4 Ngf4 30. Ra3 a5 31. Qb3 Rab8 32. Qxd3 Nxd3 33. Rd1 Nef4
34. h4 Kf8 35. Ne4 Nb4 36. Rxd8+ Rxd8 37. Rc3 Ne2+ 0-1

[Event "Olympiad-25"]
[Site "Luzern"]
[Date "1982.11.06"]
[Round "7"]
[White "Kortschnoj, Viktor Lvovich"]
[Black "Tringov, Georgi Petrov"]
[Result "1-0"]
[WhiteElo "2645"]
[BlackElo "2485"]
[PlyCount "83"]
[EventDate "1982.10.30"]
[EventType "team-swiss"]
[EventRounds "14"]
[EventCountry "SUI"]
[SourceTitle "EXT 1997"]
[Source "ChessBase"]
[SourceDate "1996.11.15"]
[SourceVersion "1"]
[SourceVersionDate "1996.11.15"]
[SourceQuality "1"]
[WhiteTeam "Switzerland"]
[BlackTeam "Bulgaria"]
[WhiteTeamCountry "SUI"]
[BlackTeamCountry "BUL"]

1. d4 Nf6 2. c4 e6 3. Nf3 c5 4. d5 exd5 5. cxd5 d6 6. Nc3 g6 7. g3 Bg7 8. Bg2
O-O 9. O-O Na6 10. h3 Nc7 11. e4 Nd7 12. Bf4 Qe7 13. Re1 f6 14. Nh2 Rb8 15. Be3
b5 16. f4 b4 17. Na4 Nb5 18. Rc1 Re8 19. Nf3 Qf8 20. Bf2 Bb7 21. Bf1 Nc7 22.
Nd4 Kh8 23. Nc6 Ra8 24. Nxb4 f5 25. e5 dxe5 26. Nxc5 Nxc5 27. Bxc5 Qf7 28. Bd6
Nxd5 29. Bc4 Qf6 30. fxe5 Qg5 31. Qf3 Nxb4 32. Qxb7 Nd3 33. Bxd3 Qxg3+ 34. Qg2
Qxd3 35. Rcd1 Qb5 36. b4 Rac8 37. Qd5 Qa6 38. Bc5 Qa4 39. e6 Qa3 40. Rd3 Qb2
41. e7 a6 42. Qe6 1-0

[Event "Olympiad-25"]
[Site "Luzern"]
[Date "1982.11.11"]
[Round "11"]
[White "Torre, Eugenio"]
[Black "Kortschnoj, Viktor Lvovich"]
[Result "0-1"]
[WhiteElo "2535"]
[BlackElo "2645"]
[PlyCount "86"]
[EventDate "1982.10.30"]
[EventType "team-swiss"]
[EventRounds "14"]
[EventCountry "SUI"]
[SourceTitle "EXT 1997"]
[Source "ChessBase"]
[SourceDate "1996.11.15"]
[SourceVersion "1"]
[SourceVersionDate "1996.11.15"]
[SourceQuality "1"]
[WhiteTeam "Philippines"]
[BlackTeam "Switzerland"]
[WhiteTeamCountry "PHI"]
[BlackTeamCountry "SUI"]

1. d4 Nf6 2. c4 e6 3. Nc3 Bb4 4. e3 O-O 5. Nge2 d5 6. a3 Be7 7. cxd5 Nxd5 8. e4
Nxc3 9. Nxc3 c5 10. d5 exd5 11. Nxd5 Nc6 12. Bc4 Bf6 13. O-O Bd4 14. Be3 Be6
15. Bxd4 Nxd4 16. b4 b6 17. Rc1 f5 18. bxc5 bxc5 19. Ne3 Bxc4 20. Rxc4 f4 21.
Nc2 Ne6 22. Qd5 Qe7 23. Ne1 Rad8 24. Qe5 Qd6 25. Qxd6 Rxd6 26. Nf3 Rb8 27. h4
h6 28. Ra4 Rb7 29. Rc1 g5 30. Ne5 gxh4 31. Nc4 Rd3 32. Kh2 Rg7 33. Ra6 Ng5 34.
Ne5 Rd2 35. Rxc5 Nxe4 36. Rc8+ Kh7 37. Rcc6 Nxf2 38. Rxh6+ Kg8 39. Rad6 h3 40.
Rdg6 Re2 41. Kg1 Rxg6 42. Rxg6+ Kh7 43. Rf6 hxg2 0-1

[Event "Match Kortschnoj-Timman +1-1=4 KRO"]
[Site "Hilversum"]
[Date "1982.12.08"]
[Round "3"]
[White "Kortschnoj, Viktor Lvovich"]
[Black "Timman, Jan H"]
[Result "1-0"]
[WhiteElo "2645"]
[BlackElo "2655"]
[Annotator "Kharitonov,A"]
[PlyCount "99"]
[EventDate "1982.12.06"]
[EventType "match"]
[EventRounds "6"]
[EventCountry "NED"]
[SourceTitle "MCL"]
[Source "ChessBase"]
[SourceDate "1999.07.01"]
[SourceVersion "1"]
[SourceVersionDate "1999.07.01"]
[SourceQuality "1"]

1. Nf3 Nf6 2. c4 c5 3. Nc3 Nc6 4. d4 cxd4 5. Nxd4 e6 6. Bf4 (6. Ndb5 Bb4 (6...
d6 7. Bf4 (7. e4 $5) 7... e5 8. Bg5 a6 9. Bxf6 gxf6 10. Na3 f5 11. e3 Qa5 12.
Qd2 Be6 13. O-O-O Bh6 $13 {Kharitonov,A-Lysenko,A/URS/1976/1:0//39/}) (6... d5
7. Bf4 e5 8. cxd5 exf4 9. dxc6 bxc6 10. Qxd8+ Kxd8 11. Rd1+ Bd7 12. Nd6 Kc7 $5
(12... Rb8 13. Nxf7+ Ke8 14. Nd6+ Bxd6 15. Rxd6 Rxb2 16. Rd2 Rb4 17. g3 Rc4 $10
{Andersson,U-Timman,J/Bugoino/1982/1:0/73/}) 13. Nxf7 Rg8 14. g3 Rb8 15. Rd2
Bb4 $13 {Andersson,U-Tal,M (02)/Malmo m/1983/1/2-1/2/27/}) 7. Bf4 O-O 8. Bd6
Bxd6 9. Nxd6 Ne8 10. e3 Qb6 11. Rb1 Qb4 12. Nxe8 Rxe8 $10 {Korchnoi,
V-Andersson,U/Iohannesburg/1981/1:0/36/}) 6... d5 (6... d6 7. Ndb5) (6... Bb4
7. Ndb5) 7. cxd5 (7. Ndb5 e5) 7... Nxd5 (7... exd5 $2 8. Ndb5 $18) 8. Nxc6 bxc6
9. Bd2 Bb4 $1 (9... Nxc3 $6 10. Bxc3 Qxd1+ 11. Rxd1 $16) 10. Nxd5 (10. Rc1 Rb8
11. Qc2 Qa5 12. e3 Nxc3 13. bxc3 Ba3 $10 {Andersson,U-Sosonko,G/Tilburg/1982/})
(10. Qc1 Qa5 11. Ne4 O-O 12. a3 Bxd2+ 13. Qxd2 Qb6 14. e3 Rd8 $36) 10... Bxd2+
11. Qxd2 cxd5 (11... exd5 $5 12. Rc1 Qb6 13. e3 O-O 14. Bd3 Be6 15. O-O Rfc8
16. b4 a5 17. a3 axb4 18. axb4 Rab8 $10) 12. e3 O-O 13. Bd3 Qb6 (13... a5 14.
O-O Ba6 15. Bxa6 Rxa6 16. Rfc1 $14) 14. O-O Ba6 $10 (14... a5 15. Rfc1 Ba6 16.
Bxa6 Qxa6 17. Rc5 Rfc8 18. Rac1 Rxc5 19. Rxc5 Qb6 20. Qc3 h6 21. b3 $14) (14...
e5 $5 {/\Be6,d4<=>/}) 15. Bxa6 Qxa6 16. a4 Rab8 17. b4 Qd6 18. b5 a6 $6 (18...
Rfc8 $5 19. Rfc1 e5 20. a5 d4 21. exd4 exd4 (21... Qxd4 $2 22. Qxd4 exd4 23.
Rxc8+ Rxc8 24. b6 axb6 25. axb6 $18) 22. Rxc8+ Rxc8 23. Rb1 d3 24. b6 axb6 25.
axb6 Rb8 26. b7 g6 27. Rb3 Qd7 $14) 19. Rfb1 axb5 (19... Rfc8 $5) (19... e5 $5
20. bxa6 Qxa6 21. Rxb8 Rxb8 22. a5 $14 (22. Qxd5 Qxa4 $1)) 20. axb5 Rb6 21. Qd3
Rfb8 22. Ra6 $1 $14 Qc5 (22... Rxa6 23. bxa6 Ra8 (23... Rxb1+ $2 24. Qxb1 $18)
24. Ra1 $16) 23. Rxb6 Rxb6 (23... Qxb6 24. Qc3 $14) 24. h3 g6 25. Qb3 d4 $5 (
25... h5 $5 26. Qb2 Qc4 27. Rc1 Rxb5 28. Qa1 Ra5 $1 29. Qb2 Rb5 $10) (25... e5
$5 26. Qb2 d4 27. exd4 exd4 28. Qb4 Qxb4 29. Rxb4 d3 30. Kf1 Re6 $1 31. Rb2 Kg7
32. Rd2 (32. b6 d2 $10) (32. f4 f5 33. Kf2 h5 34. Rb1 d2 $10) 32... Rb6 $10)
26. exd4 Qxd4 27. Rc1 (27. g3 Qc5 28. h4 h5 29. Qb2 Qc4 30. Qe5 $14) (27. g3 g5
$5 28. Qe3 Qxe3 29. fxe3 Kf8 30. Kf2 Ke7 31. Kf3 h5 32. h4 gxh4 33. gxh4 Kd6
34. Ke4 f6 35. Kd4 Rb8 36. b6 Kc6 37. Rf1 Rf8 $10) 27... Kg7 28. Rb1 h5 29. g3
h4 $6 (29... Qe5 $142 30. h4 Qd4 31. Qb2 Qxb2 32. Rxb2 Kf6 33. Kg2 Ke5 34. Kf3
Kd6 35. Kf4 f6 $10) 30. gxh4 $5 Qxh4 31. Qe3 Qd8 32. Qc5 $1 Qd6 $4 (32... Qb8
33. Kg2 Qd8 34. Rb4 {/\h4-h5+/-/}) 33. Qxd6 Rxd6 34. b6 $18 Rd8 35. b7 Rb8 36.
Kg2 Kf6 37. Kg3 Ke5 (37... Ke7 38. Kg4 f6 39. h4 Kd7 40. Rb6 Kc7 41. Rxe6 Kxb7
42. Rxf6 $18) 38. Kg4 f6 (38... Kd6 39. Kg5 Ke7 40. f4 Kd7 41. Kf6 Ke8 42. Rb2
Kf8 43. Rc2 $18) 39. h4 Kd6 40. Rb6+ Ke5 (40... Kd5 41. f4 $22 $18) 41. f3 $1
Kd5 42. f4 e5 (42... Kd4 43. Rd6+ Kc5 44. Rxe6 Rxb7 45. Rxf6 Rg7 46. Kg5 $18)
43. f5 gxf5+ (43... g5 44. hxg5 fxg5 45. f6 Kc5 46. Rb1 Kd6 47. Kxg5 Ke6 48.
Rb6+ Kf7 49. Kf5 $18) 44. Kxf5 Kd4 (44... e4 45. Kf4) 45. h5 e4 46. Kf4 Kd3 (
46... e3 47. Kf3 Kd3 48. h6 e2 49. Rd6+ Kc4 50. Kxe2 Rxb7 51. Kf3 Kc5 (51...
Rb5 52. Rxf6 Rh5 53. Kg4 Rh1 54. Kg5 Kd5 55. Kg6 Ke5 56. Kg7 $18) (51... f5 52.
Kf4 Rf7 53. Rd1 Kc5 54. Rh1 Rh7 55. Kxf5 $18) 52. Rxf6 Kd5 53. Kf4 $18) 47. h6
e3 48. Rb3+ Kd2 (48... Kc4 49. Rxe3 Rxb7 50. Kf5 $18) 49. Rxe3 Rxb7 50. Rh3 (
50. Rh3 Rh7 51. Kf5 $18) 1-0

[Event "Liechtenstein op"]
[Site "Liechtenstein"]
[Date "1983.??.??"]
[Round "?"]
[White "Kortschnoj, Viktor Lvovich"]
[Black "Portisch, Ferenc"]
[Result "1-0"]
[WhiteElo "2600"]
[BlackElo "2430"]
[PlyCount "85"]
[EventDate "1983.??.??"]
[EventType "swiss"]
[EventRounds "9"]
[EventCountry "LIE"]
[SourceTitle "EXT 2010"]
[Source "ChessBase"]
[SourceDate "2010.11.25"]
[SourceVersion "1"]
[SourceVersionDate "2010.11.25"]
[SourceQuality "1"]

1. c4 g6 2. Nc3 Bg7 3. d4 Nf6 4. e4 d6 5. Nf3 O-O 6. Be2 Bg4 7. Be3 Nfd7 8. Rc1
e5 9. d5 a5 10. h3 Bxf3 11. Bxf3 Na6 12. h4 f5 13. h5 f4 14. Bd2 Qg5 15. Kf1
Nf6 16. Qe2 Rf7 17. Na4 b6 18. Rh3 Bf8 19. Rc3 Rg7 20. hxg6 hxg6 21. Qe1 Rh7
22. Bd1 Rxh3 23. Rxh3 Be7 24. Bf3 Kg7 25. Ke2 Nh7 26. Qh1 Rh8 27. a3 Nc5 28.
Nxc5 dxc5 29. g3 Bd6 30. Bc3 fxg3 31. Bd2 Qf6 32. fxg3 Qd8 33. Bh6+ Kg8 34. Bg4
Ng5 35. Rh4 Nf7 36. Be6 Qf6 37. Bg5 Rxh4 38. Qxh4 Qg7 39. Bh6 g5 40. Qh5 Qf6
41. Bxg5 Qg7 42. Bh6 Qf6 43. g4 1-0

[Event "US CF Open-84"]
[Site "Pasadena"]
[Date "1983.08.11"]
[Round "5"]
[White "Winslow, Elliott C"]
[Black "Kortschnoj, Viktor Lvovich"]
[Result "0-1"]
[WhiteElo "2375"]
[BlackElo "2600"]
[PlyCount "84"]
[EventDate "1983.08.07"]
[EventType "swiss"]
[EventRounds "12"]
[EventCountry "USA"]
[SourceTitle "EXT 2015"]
[Source "ChessBase"]
[SourceDate "2014.11.20"]
[SourceVersion "1"]
[SourceVersionDate "2014.11.20"]
[SourceQuality "1"]

1. e4 c5 2. Nf3 d6 3. d4 cxd4 4. Nxd4 Nf6 5. Nc3 Nc6 6. Bc4 e6 7. Be3 Be7 8.
Qe2 Na5 9. Bb3 a6 10. g4 Nxb3 11. axb3 O-O 12. g5 Ne8 13. Rg1 Bd7 14. f4 Nc7
15. O-O-O Nb5 16. f5 Nxd4 17. Rxd4 exf5 18. Nd5 Re8 19. exf5 Bxf5 20. Qf3 Bg6
21. h4 Rc8 22. c3 Qa5 23. Ra4 Qb5 24. h5 Bxh5 25. Qxh5 Qxd5 26. Rh4 Qd3 27. Bd4
Qg6 28. Qxg6 fxg6 29. Rh3 d5 30. Kd2 Bc5 31. Bxc5 Rxc5 32. Rgh1 d4 33. cxd4
Rxg5 34. Rxh7 Kf7 35. R7h2 Rg3 36. Rh3 Ree3 37. Rxg3 Rxg3 38. Kc2 g5 39. Rh8
Re3 40. Rc8 g4 41. Rc7+ Kf6 42. Rxb7 g3 0-1

[Event "US CF Open-84"]
[Site "Pasadena"]
[Date "1983.08.12"]
[Round "6"]
[White "Kortschnoj, Viktor Lvovich"]
[Black "Taylor, Timothy"]
[Result "1-0"]
[WhiteElo "2600"]
[BlackElo "2415"]
[PlyCount "97"]
[EventDate "1983.08.07"]
[EventType "swiss"]
[EventRounds "12"]
[EventCountry "USA"]
[SourceTitle "EXT 2015"]
[Source "ChessBase"]
[SourceDate "2014.11.20"]
[SourceVersion "1"]
[SourceVersionDate "2014.11.20"]
[SourceQuality "1"]

1. d4 d5 2. c4 e6 3. Nc3 Nf6 4. Bg5 Nbd7 5. e3 c6 6. Bd3 Qa5 7. Bh4 c5 8. Nf3
cxd4 9. exd4 dxc4 10. Bxc4 Be7 11. O-O O-O 12. Qe2 Nb6 13. Bb3 Bd7 14. Ne5 Rfd8
15. Rad1 Be8 16. Qf3 Qb4 17. Qxb7 Rxd4 18. Bg3 Rxd1 19. Rxd1 Bf8 20. Nc6 Bxc6
21. Qxc6 Rc8 22. Qb7 Qe7 23. Qa6 Rd8 24. h3 Rxd1+ 25. Nxd1 Ne4 26. Bb8 Qb4 27.
Bxa7 Qe1+ 28. Qf1 Qa5 29. Bxb6 Qxb6 30. Bc2 Nd6 31. a3 g6 32. Qd3 Nb5 33. Ne3
Bc5 34. Qd2 Qc7 35. Bd3 Nd4 36. Qc3 Qe5 37. Ng4 Qg5 38. Nf6+ Qxf6 39. Qxc5 e5
40. b4 Ne6 41. Qe3 Nf4 42. Bf1 Qd6 43. b5 Ne6 44. a4 Qb4 45. Qxe5 Qxa4 46. b6
Qb4 47. Qb8+ Kg7 48. b7 Nc5 49. Qe5+ 1-0

[Event "US CF Open-84"]
[Site "Pasadena"]
[Date "1983.08.15"]
[Round "8"]
[White "Fedorowicz, John P"]
[Black "Kortschnoj, Viktor Lvovich"]
[Result "0-1"]
[WhiteElo "2430"]
[BlackElo "2600"]
[PlyCount "98"]
[EventDate "1983.08.07"]
[EventType "swiss"]
[EventRounds "12"]
[EventCountry "USA"]
[SourceTitle "EXT 2015"]
[Source "ChessBase"]
[SourceDate "2014.11.20"]
[SourceVersion "1"]
[SourceVersionDate "2014.11.20"]
[SourceQuality "1"]

1. e4 c5 2. Nf3 d6 3. d4 cxd4 4. Nxd4 Nf6 5. Nc3 Nc6 6. Bg5 e6 7. Qd2 Be7 8.
O-O-O O-O 9. f4 h6 10. Bh4 e5 11. Nxc6 bxc6 12. fxe5 dxe5 13. Qe1 Nd7 14. Bxe7
Qxe7 15. Qd2 Nb6 16. Qd6 Qg5+ 17. Qd2 Rd8 18. Qxg5 Rxd1+ 19. Nxd1 hxg5 20. Ne3
Be6 21. Ba6 Rb8 22. b3 Kf8 23. Kd2 Rd8+ 24. Ke2 Rd4 25. Bd3 Ke7 26. Rd1 g6 27.
h3 Rd8 28. a4 Rb8 29. Kf3 Nc8 30. g4 Nd6 31. Re1 Rb4 32. Nf1 c5 33. Nd2 c4 34.
c3 Rb7 35. bxc4 Rb2 36. Ke3 Nb7 37. Rb1 Rxb1 38. Bxb1 Nc5 39. Bc2 Bd7 40. a5
Kd6 41. Bd1 Nb7 42. c5+ Kxc5 43. Bb3 f6 44. Bf7 Nxa5 45. Bxg6 Nc4+ 46. Nxc4
Kxc4 47. Kd2 Kb3 48. Bf7+ Kb2 49. Kd3 a5 0-1

[Event "US CF Open-84"]
[Site "Pasadena"]
[Date "1983.08.17"]
[Round "10"]
[White "Kortschnoj, Viktor Lvovich"]
[Black "Gurevich, Dmitry"]
[Result "1-0"]
[WhiteElo "2600"]
[BlackElo "2470"]
[PlyCount "43"]
[EventDate "1983.08.07"]
[EventType "swiss"]
[EventRounds "12"]
[EventCountry "USA"]
[SourceTitle "EXT 2015"]
[Source "ChessBase"]
[SourceDate "2014.11.20"]
[SourceVersion "1"]
[SourceVersionDate "2014.11.20"]
[SourceQuality "1"]

1. d4 Nf6 2. c4 e6 3. Nc3 Bb4 4. e3 c5 5. Nge2 b6 6. a3 Ba5 7. Rb1 Qe7 8. Bd2
O-O 9. Ng3 Na6 10. d5 Nc7 11. Qf3 Bxc3 12. Bxc3 exd5 13. cxd5 Re8 14. Nf5 Qe4
15. Bxf6 Qxb1+ 16. Kd2 Qe4 17. Qg3 Qxd5+ 18. Kc1 g6 19. Nh6+ Kf8 20. Qxc7 Bb7
21. Bb5 Qe6 22. Qf4 1-0

[Event "US CF Open-84"]
[Site "Pasadena"]
[Date "1983.08.19"]
[Round "12"]
[White "Kortschnoj, Viktor Lvovich"]
[Black "Seirawan, Yasser"]
[Result "1-0"]
[WhiteElo "2600"]
[BlackElo "2600"]
[PlyCount "63"]
[EventDate "1983.08.07"]
[EventType "swiss"]
[EventRounds "12"]
[EventCountry "USA"]
[SourceTitle "EXT 2015"]
[Source "ChessBase"]
[SourceDate "2014.11.20"]
[SourceVersion "1"]
[SourceVersionDate "2014.11.20"]
[SourceQuality "1"]

1. d4 g6 2. Nf3 d6 3. g3 Bg7 4. Bg2 Bg4 5. h3 Bxf3 6. Bxf3 c6 7. O-O e5 8. dxe5
dxe5 9. Nd2 Na6 10. Nc4 Qe7 11. Qd6 Kf8 12. Rd1 Qxd6 13. Nxd6 Rb8 14. Be3 f5
15. Bxa7 Ra8 16. Be3 Ne7 17. Bg2 Nb4 18. Rd2 e4 19. c4 Rxa2 20. Rxa2 Nxa2 21.
Bc5 b6 22. Bxb6 Bf6 23. Bxe4 fxe4 24. Nxe4 Bg7 25. Bc5 Kf7 26. Rd7 Bf8 27. Ng5+
Ke8 28. Rc7 h6 29. Ne6 Rh7 30. Nxf8 Kxf8 31. Rc8+ Kf7 32. Bxe7 1-0

[Event "Beersheba"]
[Site "Beersheba"]
[Date "1984.??.??"]
[Round "1"]
[White "Pasman, Michael"]
[Black "Kortschnoj, Viktor Lvovich"]
[Result "0-1"]
[WhiteElo "2335"]
[BlackElo "2635"]
[PlyCount "70"]
[EventDate "1984.??.??"]
[EventType "tourn"]
[EventRounds "13"]
[EventCountry "ISR"]
[EventCategory "9"]
[SourceTitle "MCL"]
[Source "ChessBase"]
[SourceDate "1999.07.01"]
[SourceVersion "1"]
[SourceVersionDate "1999.07.01"]
[SourceQuality "1"]

1. e4 e6 2. d4 d5 3. Nc3 Nf6 4. Bg5 Be7 5. e5 Nfd7 6. Bxe7 Qxe7 7. f4 O-O 8.
Qd2 c5 9. dxc5 Qxc5 10. Nf3 Nb6 11. O-O-O Nc6 12. Kb1 Nc4 13. Bxc4 Qxc4 14. Nd4
Bd7 15. b3 Qc5 16. Nxc6 Bxc6 17. Qd4 b6 18. Rhf1 Rad8 19. Rf3 f5 20. Ne2 Bb5
21. Nc3 Be8 22. Rh3 Rc8 23. Rd2 Rf7 24. Ne2 Rfc7 25. Qe3 a5 26. Nd4 Bd7 27. a4
Qb4 28. g4 Bxa4 29. gxf5 exf5 30. e6 Be8 31. Nxf5 a4 32. e7 axb3 33. c3 Rxc3
34. Qe6+ Kh8 35. Rd1 Qa3 $22 0-1

[Event "Beersheba"]
[Site "Beersheba"]
[Date "1984.??.??"]
[Round "2"]
[White "Kortschnoj, Viktor Lvovich"]
[Black "Stepak, Yedael"]
[Result "1-0"]
[WhiteElo "2635"]
[BlackElo "2355"]
[PlyCount "75"]
[EventDate "1984.??.??"]
[EventType "tourn"]
[EventRounds "13"]
[EventCountry "ISR"]
[EventCategory "9"]
[SourceTitle "MCL"]
[Source "ChessBase"]
[SourceDate "1999.07.01"]
[SourceVersion "1"]
[SourceVersionDate "1999.07.01"]
[SourceQuality "1"]

1. d4 Nf6 2. c4 g6 3. g3 d5 4. cxd5 Nxd5 5. e4 Nb6 6. Bg2 Bg7 7. Ne2 O-O 8.
Nbc3 Nc6 9. d5 Na5 10. a4 c5 11. O-O c4 12. Be3 Nb3 13. Ra3 Nd7 14. Nd4 Nbc5
15. Qc2 Ne5 16. h3 Ned3 17. Nd1 e5 18. Ne2 b6 19. Qxc4 Ba6 20. Qc2 Rc8 21. Qd2
Qd7 22. a5 Qb5 23. Nec3 Qc4 24. axb6 axb6 25. b4 Nxb4 26. Nb2 Nb3 27. Nxc4 Nxd2
28. Nxd2 Bxf1 29. Bxf1 Nc2 30. Rb3 Nxe3 31. fxe3 Bh6 32. Nc4 Rb8 33. Nb5 Rfe8
34. h4 Bf8 35. d6 f6 36. Bh3 Rb7 37. Ra3 Kf7 38. d7 1-0